Gesammelte Aufsätze zur Religionssoziologie III. Das antike Judentum /

Hlavní autor: Weber, Max, 1864-1920
Jazyk: Němčina
Vydáno: Tübingen : J. C. B. Mohr, 1921
Témata:
Fyzický popis: VII, 442 s.
Knihy
Uloženo v:
LEADER 01042nam a22003132a 4500
001 001813784
003 CZ BrMZK
005 20220215145713.0
007 ta
008 220201s1921 gw er|||||||||||ger d
040 |a ABA001  |b cze  |d ABB019  |d BOA001 
080 |a 316.74:2  |2 MRF 
080 |a 930.85(37/38)  |2 MRF 
080 |a 16.344.8(=411.16)  |2 MRF 
100 1 |a Weber, Max,  |d 1864-1920  |7 jn19990008962  |4 aut 
245 1 0 |a Gesammelte Aufsätze zur Religionssoziologie  |n III.  |p Das antike Judentum /  |c von Max Weber 
246 3 0 |a Antike Judentum 
260 |a Tübingen :  |b J. C. B. Mohr,  |c 1921 
300 |a VII, 442 s. 
650 0 7 |a sociologie náboženství  |7 ph135564  |2 czenas 
650 0 7 |a hospodářská etika  |7 ph114699  |2 czenas 
650 0 7 |a antika  |7 ph118500  |2 czenas 
650 0 7 |a židovství  |7 ph128010  |2 czenas 
655 7 |a monografie  |7 fd132842  |2 czenas 
910 |a BOA001  |b 2-0055.601,3 
990 |a BK 
993 |a Y 
991 |b 202201 
996 6 |b BC-2293429  |c 2-0055.601,3  |l MZK  |r Sklad / do 24 hodin  |n 0  |w 001877798  |u 000010  |a 1  |e BOA001  |j MZK50  |s P